Punjab public works department buildings and roads branch schedule of rates (Record no. 547368)
[ view plain ]
| 000 -LEADER | |
|---|---|
| fixed length control field | 00461nam a22001337a 4500 |
| 082 ## - DEWEY DECIMAL CLASSIFICATION NUMBER | |
| Classification number | 625.7 |
| Author Mark | PUN |
| -- | D |
| 100 ## - MAIN ENTRY--PERSONAL NAME | |
| Personal name | Govt of Punjab |
| 9 (RLIN) | 43573 |
| 245 ## - TITLE STATEMENT | |
| Title | Punjab public works department buildings and roads branch schedule of rates |
| Statement of responsibility, etc. | Govt of Punjab |
| 260 ## - PUBLICATION, DISTRIBUTION, ETC. | |
| Place of publication, distribution, etc. | Lahore |
| Name of publisher, distributor, etc. | The superintendent, Government printing punjab |
| Date of publication, distribution, etc. | 1954 |
| 300 ## - PHYSICAL DESCRIPTION | |
| Extent | various pages |
| Other physical details | ill.; |
| Dimensions | 26cm. |
| 526 ## - STUDY PROGRAM INFORMATION NOTE | |
| Program name | 0 |
| Interest level | 0 |
| Reading level | 0 |
| Title point value | 625_700000000000000_PUN |
| 650 ## - SUBJECT ADDED ENTRY--TOPICAL TERM | |
| Topical term or geographic name entry element | NUST / MCE |
| 9 (RLIN) | 26909 |
| 942 ## - ADDED ENTRY ELEMENTS (KOHA) | |
| Source of classification or shelving scheme | |
| Koha item type | Book |
| Withdrawn status | Lost status | Source of classification or shelving scheme | Damaged status | Not for loan | Permanent Location | Current Location | Date acquired | Total Checkouts | Full call number | Barcode | Date last seen | Price effective from | Koha item type |
|---|---|---|---|---|---|---|---|---|---|---|---|---|---|
| Military College of Engineering (MCE) | Military College of Engineering (MCE) | 07/11/2014 | 625.7 PUN | MCE-545 | 07/11/2014 | 07/11/2014 | Book |
